000
00244nam a2200097Ia 4500
001
763980
005
20250826165254.0
008
250824s9999 xx 000 0 und d
245
0
_a
GÜNLE YARIŞAN YARIŞÇI
_c
AHMET ÖNEL
260
_b
ELMA YAYINLARI
999
_c
763980
_d
763980